[Event "British Rapidplay"]
[Site "Peterborough"]
[Date "2025.03.02"]
[Round "9.38"]
[White "Goh, Jinghan Cameron"]
[Black "Pilley, Jack"]
[Result "0-1"]
[WhiteElo "2102"]
[BlackElo "1975"]
[PlyCount "90"]
[EventDate "2025.03.01"]
[EventType "swiss (rapid)"]
[EventRounds "11"]
[EventCountry "ENG"]
[SourceTitle "BritBase"]
[Source "John Saunders"]
[SourceDate "2025.03.03"]
[SourceVersion "1"]
[SourceVersionDate "2025.03.03"]
[SourceQuality "2"]

1. d4 Nf6 2. c4 e6 3. g3 d5 4. Bg2 Bb4+ 5. Nd2 O-O 6. Ngf3 a5 7. O-O b6 8. a3 Be7 9. cxd5 exd5 10. Ne5 Bb7 11. Ndf3 c5 12. Bg5 Qc7 13. Rc1 Rd8 14. Bh3 h6 15. Bf4 Bd6 16. Qd2 Ne4 17. Qc2 Nc6 18. Nd3 c4 19. Nde5 g5 20. Be3 Nxe5 21. Nxe5 Bxe5 22. dxe5 d4 23. Bd2 Qxe5 24. Rfd1 Nxd2 25. Rxd2 Qd5 26. f3 d3 27. Qxc4 Qxc4 28. Rxc4 dxe2 29. Rxe2 Ba6 30. Rcc2 Bxe2 31. Rxe2 Rd3 32. Bf5 Rd4 33. Kf2 Rad8 34. Ke3 R4d6 35. g4 Kg7 36. Rc2 Kf6 37. Be4 Ke5 38. b4 axb4 39. axb4 Rd4 40. b5 Rb4 41. Bc6 Rb3+ 42. Kf2 Rd4 43. Re2+ Kf4 44. Re7 Rd2+ 45. Ke1 Re3+ 0-1

[Event "British Rapidplay"]
[Site "Peterborough"]
[Date "2025.03.02"]
[Round "9.39"]
[White "Lishoy Gengis Paratazham, Dildarav"]
[Black "Sanitt, Ethan"]
[Result "1-0"]
[WhiteElo "2071"]
[BlackElo "2102"]
[PlyCount "77"]
[EventDate "2025.03.01"]
[EventType "swiss (rapid)"]
[EventRounds "11"]
[EventCountry "ENG"]
[SourceTitle "BritBase"]
[Source "John Saunders"]
[SourceDate "2025.03.03"]
[SourceVersion "1"]
[SourceVersionDate "2025.03.03"]
[SourceQuality "2"]

1. d4 Nf6 2. Nf3 b6 3. Nbd2 Bb7 4. e3 e6 5. b3 d5 6. Bb2 c5 7. Be2 Nc6 8. O-O Be7 9. c4 O-O 10. Rc1 Rc8 11. h3 cxd4 12. exd4 dxc4 13. bxc4 Ne8 14. Bd3 Bf6 15. Nb3 Nd6 16. Bb1 Nf5 17. Ba3 Nce7 18. d5 Nh4 19. Nxh4 Bxh4 20. Qh5 Ng6 21. Bxf8 Nxf8 22. dxe6 fxe6 23. Qg4 Bf6 24. Be4 Ba6 25. Rfd1 Qc7 26. c5 Qe5 27. c6 Rc7 28. Bf3 Qb2 29. Qf4 Be5 30. Qd2 Qa3 31. Nd4 Qa4 32. Nxe6 Nxe6 33. Qd5 Re7 34. Qxe5 Qa3 35. Bd5 Bc8 36. Bxe6+ Bxe6 37. Qd6 Qxd6 38. Rxd6 Kf7 39. Rxe6 1-0

[Event "British Rapidplay"]
[Site "Peterborough"]
[Date "2025.03.02"]
[Round "9.40"]
[White "Hutchinson, Paul A"]
[Black "Cheng, Louis"]
[Result "0-1"]
[WhiteElo "2054"]
[BlackElo "2015"]
[PlyCount "74"]
[EventDate "2025.03.01"]
[EventType "swiss (rapid)"]
[EventRounds "11"]
[EventCountry "ENG"]
[SourceTitle "BritBase"]
[Source "John Saunders"]
[SourceDate "2025.03.03"]
[SourceVersion "1"]
[SourceVersionDate "2025.03.03"]
[SourceQuality "2"]

1. d4 Nf6 2. Nf3 g6 3. Bg5 Ne4 4. Bf4 Bg7 5. e3 d5 6. Nbd2 Nxd2 7. Qxd2 O-O 8. Be2 Bf5 9. O-O c6 10. Rac1 Qb6 11. c4 Nd7 12. c5 Qd8 13. b4 Bg4 14. b5 Bxf3 15. gxf3 e5 16. dxe5 Nxe5 17. Kg2 h5 18. Rfd1 Qd7 19. h4 Rae8 20. Bg3 Qd8 21. e4 dxe4 22. fxe4 Qxd2 23. Rxd2 Bh6 24. f4 Ng4 25. Bxg4 hxg4 26. bxc6 bxc6 27. e5 Rxe5 28. Rcc2 Rf5 29. Rd6 Rc8 30. Rd7 a5 31. Ra7 Bxf4 32. Rxa5 Re8 33. Ra4 Bxg3 34. Kxg3 Re3+ 35. Kxg4 Rff3 36. Rg2 Kg7 37. Ra6 Kh6 0-1

[Event "British Rapidplay"]
[Site "Peterborough"]
[Date "2025.03.02"]
[Round "9.41"]
[White "Kumar, Arnav"]
[Black "Manley, Jonathan P"]
[Result "0-1"]
[WhiteElo "1767"]
[BlackElo "2090"]
[PlyCount "148"]
[EventDate "2025.03.01"]
[EventType "swiss (rapid)"]
[EventRounds "11"]
[EventCountry "ENG"]
[SourceTitle "BritBase"]
[Source "John Saunders"]
[SourceDate "2025.03.03"]
[SourceVersion "1"]
[SourceVersionDate "2025.03.03"]
[SourceQuality "2"]

1. e4 e5 2. Nf3 Nc6 3. Bb5 f5 4. d3 fxe4 5. dxe4 Nf6 6. O-O d6 7. Bc4 Bg4 8. Re1 Qd7 9. Nbd2 h6 10. c3 g5 11. Nf1 Bg7 12. Ne3 Be6 13. Qb3 Nd8 14. Bxe6 Qxe6 15. Nf5 O-O 16. Ng3 Kh8 17. Be3 Qxb3 18. axb3 a6 19. Nd2 Ne6 20. f3 Kh7 21. Nc4 Rf7 22. Na5 Rb8 23. b4 Bf8 24. Rad1 Kg6 25. Nb3 h5 26. Nc1 h4 27. Nf5 Ng7 28. Nxg7 Rxg7 29. h3 Be7 30. Nd3 Nh5 31. Bf2 Nf4 32. c4 b6 33. Rd2 Rgg8 34. Ra1 Ra8 35. Ne1 c5 36. bxc5 bxc5 37. Nc2 Rgb8 38. Ne3 Rb3 39. Nf5 Bf8 40. Ra3 Rb4 41. b3 Rb6 42. Ne3 Rab8 43. Rb2 Nd3 44. Rb1 Nf4 45. Rb2 Be7 46. Rb1 Bf8 47. Be1 Be7 48. Nf5 Bf8 49. Ne3 Be7 50. Nf5 Bf8 51. Ba5 R6b7 52. Kf2 Kf6 53. Bd2 Ne6 54. Be3 Rb6 55. g3 hxg3+ 56. Kxg3 Nd4 57. Bxd4 cxd4 58. Kg4 d5 59. Ra5 dxc4 60. h4 gxh4 61. Nxh4 c3 62. f4 exf4 63. Kxf4 c2 64. Rg1 Bh6+ 65. Kf3 c1=Q 66. e5+ Kf7 67. Rxc1 Bxc1 68. Nf5 d3 69. Rd5 d2 70. Ke2 Ke6 71. Ne3 Rxb3 72. Rd6+ Kxe5 73. Nc4+ Kf5 74. Rxa6 Re8+ 0-1

[Event "British Rapidplay"]
[Site "Peterborough"]
[Date "2025.03.02"]
[Round "9.42"]
[White "Keerthi Kumar, Advait"]
[Black "Hughes, Roy"]
[Result "0-1"]
[WhiteElo "1823"]
[BlackElo "2004"]
[PlyCount "70"]
[EventDate "2025.03.01"]
[EventType "swiss (rapid)"]
[EventRounds "11"]
[EventCountry "ENG"]
[SourceTitle "BritBase"]
[Source "John Saunders"]
[SourceDate "2025.03.03"]
[SourceVersion "1"]
[SourceVersionDate "2025.03.03"]
[SourceQuality "2"]

1. e4 d5 2. exd5 Qxd5 3. d4 e5 4. Nc3 Bb4 5. a3 Bxc3+ 6. bxc3 Nc6 7. Nf3 Bg4 8. Be2 e4 9. Nd2 Bxe2 10. Qxe2 Nf6 11. f3 O-O 12. O-O Nxd4 13. Qd1 Nb5 14. fxe4 Nxe4 15. Nxe4 Qxe4 16. Bb2 Rad8 17. Qh5 Rd2 18. Qg5 Qxc2 19. Rab1 Nd6 20. Ba1 Nc4 21. Kh1 Qd3 22. Rg1 h6 23. Qc5 b6 24. Qxc7 Re8 25. Rbf1 Qd5 26. Qg3 Ree2 27. Rf3 Rd1 28. Rff1 Rxf1 29. Rxf1 Ra2 30. Rg1 Qe4 31. Qb8+ Kh7 32. Qg3 f6 33. Qh3 Ne3 34. Qf3 Qxf3 35. gxf3 Nc2 0-1

[Event "British Rapidplay"]
[Site "Peterborough"]
[Date "2025.03.02"]
[Round "9.43"]
[White "Bakhtiyarov, Kamronbek"]
[Black "McLachlan, Matthew"]
[Result "0-1"]
[WhiteElo "1676"]
[BlackElo "1927"]
[PlyCount "88"]
[EventDate "2025.03.01"]
[EventType "swiss (rapid)"]
[EventRounds "11"]
[EventCountry "ENG"]
[SourceTitle "BritBase"]
[Source "John Saunders"]
[SourceDate "2025.03.03"]
[SourceVersion "1"]
[SourceVersionDate "2025.03.03"]
[SourceQuality "2"]

1. e4 e6 2. d4 d5 3. Nc3 Nf6 4. Bg5 Bb4 5. e5 h6 6. exf6 hxg5 7. fxg7 Rg8 8. Qh5 Qf6 9. Nf3 Qxg7 10. Ne5 Nd7 11. Nxd7 Bxd7 12. O-O-O O-O-O 13. Qf3 Kb8 14. Nb5 Be7 15. Qb3 Bxb5 16. Bxb5 Rd6 17. c3 Rb6 18. Qa4 Qf6 19. f3 Rc8 20. Bd7 Rh8 21. Bb5 Qf4+ 22. Kb1 a6 23. Bd3 Ka7 24. h3 Rd8 25. Qc2 Rc8 26. Qd2 Qf6 27. Rhe1 Bd6 28. Ka1 Ka8 29. Qf2 c5 30. dxc5 Bxc5 31. Qe2 Bd6 32. Qf2 Rcc6 33. Rb1 Be5 34. Rec1 Qe7 35. Qe3 Bf4 36. Qd4 Qc7 37. Rc2 Rc5 38. Qf2 Be5 39. Qd2 f6 40. Qe1 Qc6 41. Qd2 Ra5 42. b4 Rxa2+ 43. Kxa2 Qa4+ 44. Kb2 Qxb4+ 0-1

[Event "British Rapidplay"]
[Site "Peterborough"]
[Date "2025.03.02"]
[Round "9.44"]
[White "Mylovanov, Volodymyr"]
[Black "Yu, Rock"]
[Result "0-1"]
[WhiteElo "1821"]
[BlackElo "2048"]
[PlyCount "76"]
[EventDate "2025.03.01"]
[EventType "swiss (rapid)"]
[EventRounds "11"]
[EventCountry "ENG"]
[SourceTitle "BritBase"]
[Source "John Saunders"]
[SourceDate "2025.03.03"]
[SourceVersion "1"]
[SourceVersionDate "2025.03.03"]
[SourceQuality "2"]

1. d4 Nf6 2. c4 e6 3. g3 e5 4. dxe5 Ng4 5. Bg2 Bc5 6. e3 Nxe5 7. Qc2 Nbc6 8. a3 a5 9. b3 d6 10. Bb2 O-O 11. Ne2 Bg4 12. h3 Bf3 13. Kf1 Qd7 14. Nd4 Bxg2+ 15. Kxg2 Bb6 16. Nd2 Rae8 17. Rad1 f5 18. N2f3 Qf7 19. Nxc6 bxc6 20. Nxe5 dxe5 21. f4 exf4 22. exf4 Bc5 23. Rhe1 Qg6 24. Re2 Rxe2+ 25. Qxe2 Re8 26. Qc2 Re3 27. Rd8+ Bf8 28. Qf2 Qe6 29. Be5 Rxb3 30. Qc5 Qf7 31. Qxc6 h6 32. Rd7 Qh5 33. Qe6+ Kh7 34. g4 Qxh3+ 35. Kf2 Qe3+ 36. Kg2 Qf3+ 37. Kg1 Rb1+ 38. Kh2 Rh1# 0-1

[Event "British Rapidplay"]
[Site "Peterborough"]
[Date "2025.03.02"]
[Round "9.45"]
[White "Mehrafarin, Amirabbas"]
[Black "Norris, Zack"]
[Result "0-1"]
[WhiteElo "1814"]
[BlackElo "1929"]
[PlyCount "100"]
[EventDate "2025.03.01"]
[EventType "swiss (rapid)"]
[EventRounds "11"]
[EventCountry "ENG"]
[SourceTitle "BritBase"]
[Source "John Saunders"]
[SourceDate "2025.03.03"]
[SourceVersion "1"]
[SourceVersionDate "2025.03.03"]
[SourceQuality "2"]

1. e4 c5 2. d3 Nc6 3. g3 g6 4. Bg2 Bg7 5. c3 d6 6. Nf3 Nf6 7. O-O O-O 8. a4 Bd7 9. Na3 a6 10. Nc4 Rb8 11. a5 Be6 12. e5 dxe5 13. Nfxe5 Nxe5 14. Nxe5 Bd5 15. Nf3 Bc6 16. Be3 Rc8 17. d4 Ng4 18. Bf4 cxd4 19. cxd4 Nf6 20. Be5 Qd7 21. Re1 Rfd8 22. Rc1 Bd5 23. Qe2 Rc6 24. Rxc6 Qxc6 25. Nh4 Bxg2 26. Nxg2 Rd5 27. b4 Qb5 28. Qb2 Rd8 29. Rc1 Nd5 30. Bxg7 Kxg7 31. Rc5 Qxb4 32. Qxb4 Nxb4 33. Rc7 Rxd4 34. Ne3 Nc6 35. Rxb7 Nxa5 36. Ra7 Rd6 37. Rxe7 Nb3 38. Ra7 a5 39. h4 Rd4 40. h5 a4 41. Ra6 Nc5 42. h6+ Kxh6 43. Ra5 Ne6 44. Kf1 Rb4 45. Ke2 Rb2+ 46. Kd3 Kg7 47. f4 Rb3+ 48. Kd2 Ra3 49. f5 Nd4 50. Ra6 gxf5 0-1

[Event "British Rapidplay"]
[Site "Peterborough"]
[Date "2025.03.02"]
[Round "9.46"]
[White "Gupta, Leonardo"]
[Black "Jackson, Sheila"]
[Result "1-0"]
[WhiteElo "1885"]
[BlackElo "2031"]
[PlyCount "79"]
[EventDate "2025.03.01"]
[EventType "swiss (rapid)"]
[EventRounds "11"]
[EventCountry "ENG"]
[SourceTitle "BritBase"]
[Source "John Saunders"]
[SourceDate "2025.03.03"]
[SourceVersion "1"]
[SourceVersionDate "2025.03.03"]
[SourceQuality "2"]

1. e4 e5 2. Nf3 Nc6 3. Bb5 a6 4. Ba4 Nf6 5. d3 b5 6. Bb3 Be7 7. a4 Rb8 8. axb5 axb5 9. Nc3 d6 10. Nd5 Nxd5 11. Bxd5 Bd7 12. c3 O-O 13. h4 Bf6 14. Ng5 Qe7 15. Qh5 h6 16. Qg6 Bxg5 17. Bxg5 Kh8 18. Bxe7 fxg6 19. Bxf8 Rxf8 20. Bxc6 Bxc6 21. Ra6 Bd7 22. Ra7 Rc8 23. O-O Kg8 24. Rfa1 Kf7 25. Ra8 Ke7 26. Rxc8 Bxc8 27. f3 c5 28. Ra7+ Bd7 29. Kf2 g5 30. hxg5 hxg5 31. Ke3 g6 32. g3 Ke6 33. d4 Ke7 34. Ra1 g4 35. dxc5 dxc5 36. f4 Kf6 37. Ra6+ Be6 38. Rb6 exf4+ 39. Kxf4 g5+ 40. Ke3 1-0

[Event "British Rapidplay"]
[Site "Peterborough"]
[Date "2025.03.02"]
[Round "9.48"]
[White "Sajanani, Vikas"]
[Black "Pyda, Arjun"]
[Result "1/2-1/2"]
[WhiteElo "1902"]
[BlackElo "1819"]
[PlyCount "213"]
[EventDate "2025.03.01"]
[EventType "swiss (rapid)"]
[EventRounds "11"]
[EventCountry "ENG"]
[SourceTitle "BritBase"]
[Source "John Saunders"]
[SourceDate "2025.03.03"]
[SourceVersion "1"]
[SourceVersionDate "2025.03.03"]
[SourceQuality "2"]

1. e4 c5 2. Nf3 d6 3. d4 cxd4 4. Nxd4 Nf6 5. Nc3 g6 6. g3 Bg7 7. Bg2 O-O 8. O-O Nc6 9. Nxc6 bxc6 10. e5 dxe5 11. Bxc6 Rb8 12. Rb1 Qb6 13. Bg2 Rd8 14. Qe2 Ba6 15. Qe1 Bxf1 16. Bxf1 Nd5 17. Ne4 h6 18. a3 f5 19. Nd2 Qa5 20. c4 Nf6 21. b4 Qc7 22. c5 Nd5 23. Nc4 e4 24. Rb3 Kh8 25. h4 h5 26. Bh3 f4 27. Qxe4 Kh7 28. gxf4 Nc3 29. Qc2 Nd5 30. Rg3 Qc6 31. f5 Nf6 32. Ne5 Qd5 33. fxg6+ Kg8 34. Bf1 Qxe5 35. Bb2 Qe4 36. Bd3 Qe1+ 37. Kg2 Ne4 38. Re3 Qxf2+ 39. Qxf2 Nxf2 40. Bc4+ Kh8 41. Bxg7+ Kxg7 42. Rxe7+ Kxg6 43. Kxf2 Rf8+ 44. Kg2 Rbd8 45. Re6+ Kg7 46. Re7+ Kg6 47. Re3 Rd4 48. Bd3+ Kg7 49. Kh3 Rff4 50. c6 Rxh4+ 51. Kg3 Rdf4 52. c7 Rhg4+ 53. Kh3 Rh4+ 54. Kg3 Rhg4+ 55. Kh2 Rc4 56. Bf5 Rh4+ 57. Kg3 Rhg4+ 58. Bxg4 hxg4 59. Re7+ Kf6 60. Rh7 Kg5 61. b5 Rc3+ 62. Kg2 Kf4 63. Rf7+ Ke5 64. a4 Kd6 65. Rf4 Kxc7 66. Rxg4 Ra3 67. Kf2 Kb7 68. Ke2 Rh3 69. Kd2 Rh7 70. Kc3 a6 71. Kb4 axb5 72. axb5 Rh6 73. Rg5 Rf6 74. Ka5 Rh6 75. Rg7+ Kb8 76. Rf7 Rg6 77. Kb4 Rh6 78. Kc5 Rg6 79. b6 Rg1 80. Rf8+ Kb7 81. Rf7+ Kb8 82. Rf4 Rc1+ 83. Kb5 Rb1+ 84. Kc6 Rc1+ 85. Kb5 Rb1+ 86. Ka5 Ra1+ 87. Ra4 Rxa4+ 88. Kxa4 Kb7 89. Kb5 Kb8 90. Ka6 Ka8 91. Ka5 Kb7 92. Kb5 Kb8 93. Kc5 Kb7 94. Kb5 Kb8 95. Kc6 Kc8 96. Kd5 Kb7 97. Kc5 Kb8 98. Kb5 Kb7 99. Kc5 Kb8 100. Kc6 Kc8 101. Kd6 Kb7 102. Kc5 Kb8 103. Kb5 Kb7 104. Ka5 Kb8 105. Ka6 Ka8 106. b7+ Kb8 107. Kb6 1/2-1/2

[Event "British Rapidplay"]
[Site "Peterborough"]
[Date "2025.03.02"]
[Round "9.49"]
[White "Lee, Yuk Hei"]
[Black "Sagues, Vincent"]
[Result "0-1"]
[WhiteElo "1877"]
[BlackElo "1936"]
[PlyCount "92"]
[EventDate "2025.03.01"]
[EventType "swiss (rapid)"]
[EventRounds "11"]
[EventCountry "ENG"]
[SourceTitle "BritBase"]
[Source "John Saunders"]
[SourceDate "2025.03.03"]
[SourceVersion "1"]
[SourceVersionDate "2025.03.03"]
[SourceQuality "2"]

1. e4 e6 2. d4 d5 3. Nc3 Bb4 4. e5 c5 5. a3 Bxc3+ 6. bxc3 Ne7 7. Qg4 O-O 8. h4 Nbc6 9. Nf3 f5 10. Qg3 Qb6 11. Be3 Qb2 12. Rd1 Qxc3+ 13. Bd2 Qxc2 14. dxc5 Qe4+ 15. Be2 f4 16. Qg4 Nxe5 17. Nxe5 Qxe5 18. O-O Bd7 19. Bd3 Qf6 20. Rfe1 Rad8 21. Rb1 e5 22. Qh5 e4 23. Bc2 Bc6 24. Qg4 Qf5 25. Qd1 Qg6 26. f3 Qg3 27. Qe2 e3 28. Rf1 Qxh4 29. Be1 Qf6 30. Qd3 g6 31. Bc3 d4 32. Ba1 Nf5 33. Bb3+ Kg7 34. Rfd1 Kh6 35. a4 Qh4 36. Be6 Qf2+ 37. Kh1 Ng3+ 38. Kh2 Bxf3 39. Bh3 Bxd1 40. Qxd1 e2 41. Qg1 Qxg1+ 42. Kxg1 d3 43. Bc3 d2 44. Bxd2 Rxd2 45. Kf2 Rd1 46. Rxb7 e1=Q+ 0-1

[Event "British Rapidplay"]
[Site "Peterborough"]
[Date "2025.03.02"]
[Round "9.50"]
[White "Ortiz Sanchez, Luis"]
[Black "Parikh, Naavya"]
[Result "1-0"]
[WhiteElo "1913"]
[BlackElo "1741"]
[PlyCount "219"]
[EventDate "2025.03.01"]
[EventType "swiss (rapid)"]
[EventRounds "11"]
[EventCountry "ENG"]
[SourceTitle "BritBase"]
[Source "John Saunders"]
[SourceDate "2025.03.03"]
[SourceVersion "1"]
[SourceVersionDate "2025.03.03"]
[SourceQuality "2"]

1. d4 d5 2. Nf3 Nf6 3. c3 e6 4. Bg5 Be7 5. Nbd2 O-O 6. e3 Nbd7 7. Bd3 b6 8. h4 h6 9. Bf4 Bd6 10. Ne5 Bxe5 11. dxe5 Nc5 12. Bc2 Nfd7 13. b4 Na6 14. Qh5 f5 15. exf6 Nxf6 16. Qg6 Qe8 17. Qd3 e5 18. Bg3 e4 19. Qd4 c5 20. bxc5 bxc5 21. Qa4 c4 22. Qa5 Qd8 23. Qa3 Nd7 24. Rd1 Qb6 25. Rb1 Qc5 26. Qa4 Nb6 27. Qb5 Qxb5 28. Rxb5 Bd7 29. Ra5 Nb8 30. O-O Nc6 31. Rc5 Rac8 32. Rb1 Nb8 33. Ra5 Nc6 34. Rc5 Nb8 35. Rxc8 Rxc8 36. f3 exf3 37. Nxf3 Nc6 38. Ne5 Nxe5 39. Bxe5 Be6 40. Bd4 Rc6 41. e4 dxe4 42. Bxe4 Bd5 43. Bxd5+ Nxd5 44. Rb7 Rc7 45. Rb5 Ne7 46. Ra5 Nc8 47. Kf2 Nb6 48. Ra6 Nd5 49. g3 Kf7 50. Kf3 Kf8 51. Ke4 Rd7 52. Ra4 Nb6 53. Bxb6 axb6 54. Rxc4 Ra7 55. a4 Ra5 56. Rb4 Ke7 57. c4 Kd7 58. Rxb6 Rxa4 59. Kd5 Kc8 60. Rg6 Ra7 61. c5 Rc7 62. c6 Rf7 63. Kd6 Kd8 64. Re6 Rf8 65. c7+ Kc8 66. Kc6 Rh8 67. Re7 Rg8 68. Kd6 g5 69. hxg5 hxg5 70. g4 Kb7 71. Kd7 Rc8 72. Ke6 Rg8 73. Kf7 Rc8 74. Kf6 Rg8 75. Re5 Kxc7 76. Rxg5 Rf8+ 77. Ke7 Rf4 78. Rg6 Re4+ 79. Kf6 Kd7 80. Rg7+ Kd6 81. g5 Rf4+ 82. Kg6 Ke6 83. Ra7 Rf8 84. Kg7 Rf5 85. g6 Rg5 86. Ra6+ Ke7 87. Rf6 Rg4 88. Rf3 Ke6 89. Kh6 Rh4+ 90. Kg5 Rh1 91. Re3+ Kd7 92. Kf6 Rf1+ 93. Kg7 Rg1 94. Kf7 Rf1+ 95. Kg8 Rg1 96. g7 Rg4 97. Re5 Kd6 98. Re8 Kd7 99. Re3 Rg5 100. Re4 Rg6 101. Kf7 Rg3 102. g8=Q Rxg8 103. Kxg8 Kd6 104. Kf7 Kd5 105. Re1 Kd4 106. Kf6 Kd3 107. Kf5 Kd2 108. Re4 Kd3 109. Rh4 Ke3 110. Rg4 1-0

[Event "British Rapidplay"]
[Site "Peterborough"]
[Date "2025.03.02"]
[Round "9.51"]
[White "McCarthy, Kevin C"]
[Black "Riddoch, Alan"]
[Result "1-0"]
[WhiteElo "1944"]
[BlackElo "1751"]
[PlyCount "89"]
[EventDate "2025.03.01"]
[EventType "swiss (rapid)"]
[EventRounds "11"]
[EventCountry "ENG"]
[SourceTitle "BritBase"]
[Source "John Saunders"]
[SourceDate "2025.03.03"]
[SourceVersion "1"]
[SourceVersionDate "2025.03.03"]
[SourceQuality "2"]

1. d4 Nf6 2. Nc3 e6 3. e4 d6 4. Bd3 Be7 5. Bg5 h6 6. Bf4 Nc6 7. Nf3 a6 8. a3 b5 9. O-O O-O 10. Qd2 Bb7 11. Rad1 Re8 12. Rfe1 Bf8 13. e5 dxe5 14. dxe5 Nd5 15. Nxd5 Qxd5 16. Qe2 Nd4 17. Bh7+ Kxh7 18. Rxd4 Qc6 19. Red1 Be7 20. c3 Rad8 21. Rxd8 Rxd8 22. Rxd8 Bxd8 23. Qd3+ g6 24. Qxd8 Qe4 25. Qd2 g5 26. Bxg5 Qb1+ 27. Qc1 Qxc1+ 28. Bxc1 Kg6 29. Nd4 c5 30. Ne2 Kf5 31. f4 h5 32. Kf2 h4 33. g3 hxg3+ 34. Nxg3+ Kg4 35. Ke3 Kh3 36. Ne4 Kxh2 37. Nxc5 Bc8 38. Ne4 Bb7 39. Nd6 Bd5 40. Nxf7 Kg3 41. Ng5 Kg4 42. Ne4 a5 43. Nf6+ Kf5 44. Nxd5 exd5 45. Kd4 1-0

[Event "British Rapidplay"]
[Site "Peterborough"]
[Date "2025.03.02"]
[Round "9.52"]
[White "Balmond, Tom"]
[Black "Taylor, Robert Keith"]
[Result "1-0"]
[WhiteElo "1708"]
[BlackElo "1896"]
[PlyCount "101"]
[EventDate "2025.03.01"]
[EventType "swiss (rapid)"]
[EventRounds "11"]
[EventCountry "ENG"]
[SourceTitle "BritBase"]
[Source "John Saunders"]
[SourceDate "2025.03.03"]
[SourceVersion "1"]
[SourceVersionDate "2025.03.03"]
[SourceQuality "2"]

1. e4 e5 2. Nf3 Nc6 3. d4 exd4 4. Nxd4 Nf6 5. Nxc6 bxc6 6. Bd3 d5 7. exd5 cxd5 8. O-O Be7 9. Bf4 c6 10. Nc3 O-O 11. Re1 Re8 12. Qf3 Bg4 13. Qg3 Qd7 14. h3 Nh5 15. Qh2 Be6 16. Be5 f6 17. Be2 fxe5 18. Bxh5 g6 19. Qxe5 Bxh3 20. Bxg6 Qg4 21. Qg3 hxg6 22. Qxh3 Qxh3 23. gxh3 Bb4 24. Kg2 d4 25. a3 dxc3 26. axb4 cxb2 27. Rxe8+ Rxe8 28. Rb1 Re4 29. Rxb2 Rc4 30. Kg3 Kf7 31. f4 Ke6 32. Kg4 Kf6 33. h4 Rc3 34. b5 cxb5 35. Rxb5 Rxc2 36. Ra5 Rc7 37. Ra6+ Kg7 38. Kg5 Rf7 39. Rxg6+ Kh7 40. f5 Rc7 41. Ra6 Rd7 42. h5 Rb7 43. f6 Rc7 44. Kf5 Kh6 45. Ke6 Rc2 46. f7 Re2+ 47. Kf6 Rf2+ 48. Ke7+ Kg7 49. h6+ Kh7 50. f8=Q Re2+ 51. Kd6 1-0

[Event "British Rapidplay"]
[Site "Peterborough"]
[Date "2025.03.02"]
[Round "9.53"]
[White "Hng, Mei-Xian Eunice"]
[Black "Shankar, Yashwardhan"]
[Result "1/2-1/2"]
[WhiteElo "2066"]
[BlackElo "1767"]
[PlyCount "76"]
[EventDate "2025.03.01"]
[EventType "swiss (rapid)"]
[EventRounds "11"]
[EventCountry "ENG"]
[SourceTitle "BritBase"]
[Source "John Saunders"]
[SourceDate "2025.03.03"]
[SourceVersion "1"]
[SourceVersionDate "2025.03.03"]
[SourceQuality "2"]

1. Nf3 Nf6 2. c4 g6 3. d4 Bg7 4. Nc3 d6 5. e4 O-O 6. h3 e5 7. dxe5 dxe5 8. Qxd8 Rxd8 9. Bg5 Re8 10. Be2 h6 11. Be3 c6 12. O-O Na6 13. Rfd1 Nh7 14. Kh2 f5 15. Rd6 f4 16. Bc1 Be6 17. b3 Nb4 18. Bb2 Nc2 19. Rad1 Nd4 20. c5 b6 21. Bc4 Bxc4 22. bxc4 bxc5 23. Ba3 g5 24. Na4 Rad8 25. Rxd8 Rxd8 26. Rd3 Nxf3+ 27. Rxf3 Rd4 28. Nxc5 Rxc4 29. Ne6 Bf8 30. Nxf8 Nxf8 31. Rb3 Ne6 32. Rb8+ Kf7 33. Rb7+ Kg6 34. Re7 Nc5 35. Bxc5 Rxc5 36. Rxa7 Rc2 37. Rc7 Rxa2 38. Rxc6+ Kg7 1/2-1/2

[Event "British Rapidplay"]
[Site "Peterborough"]
[Date "2025.03.02"]
[Round "9.54"]
[White "Reghu, Jyothika U"]
[Black "Fairhurst, Frederick"]
[Result "1-0"]
[WhiteElo "1767"]
[BlackElo "1798"]
[PlyCount "121"]
[EventDate "2025.03.01"]
[EventType "swiss (rapid)"]
[EventRounds "11"]
[EventCountry "ENG"]
[SourceTitle "BritBase"]
[Source "John Saunders"]
[SourceDate "2025.03.03"]
[SourceVersion "1"]
[SourceVersionDate "2025.03.03"]
[SourceQuality "2"]

1. e4 e5 2. Nf3 Nc6 3. d4 exd4 4. Bc4 Nf6 5. e5 d5 6. Bb5 Ne4 7. Nxd4 Bd7 8. Bxc6 bxc6 9. O-O Be7 10. f3 Nc5 11. f4 Ne4 12. Nd2 Nxd2 13. Bxd2 O-O 14. f5 c5 15. Ne2 Bc6 16. Ng3 f6 17. e6 Re8 18. Qg4 Bf8 19. Nh5 Qe7 20. Rae1 d4 21. Qg3 Red8 22. Bf4 Be8 23. Qh4 Bxh5 24. Qxh5 Rd5 25. Qg4 c4 26. h4 Kh8 27. h5 h6 28. Rf3 Qe8 29. Rg3 Kh7 30. e7 Rd7 31. Qg6+ Qxg6 32. hxg6+ Kg8 33. e8=Q Rxe8 34. Rxe8 d3 35. cxd3 cxd3 36. Bd2 c5 37. b3 a5 38. a4 h5 39. Rge3 h4 40. Ra8 c4 41. bxc4 h3 42. Ree8 h2+ 43. Kxh2 Rd8 44. Rxf8+ Rxf8 45. Rxf8+ Kxf8 46. Bxa5 Ke7 47. Bd2 Kd6 48. a5 Kc5 49. Kg3 Kxc4 50. a6 Kb3 51. a7 Kc2 52. Bf4 Kd1 53. a8=Q d2 54. Bxd2 Ke2 55. Qg8 Kd3 56. Qxg7 Ke4 57. Qxf6 Kd3 58. g7 Ke4 59. g8=Q Kd3 60. Qd6+ Ke4 61. Qge6# 1-0

[Event "British Rapidplay"]
[Site "Peterborough"]
[Date "2025.03.02"]
[Round "9.55"]
[White "Takvorian, Sebouh"]
[Black "Lapidus, Alexey M"]
[Result "0-1"]
[WhiteElo "1802"]
[BlackElo "1937"]
[PlyCount "112"]
[EventDate "2025.03.01"]
[EventType "swiss (rapid)"]
[EventRounds "11"]
[EventCountry "ENG"]
[SourceTitle "BritBase"]
[Source "John Saunders"]
[SourceDate "2025.03.03"]
[SourceVersion "1"]
[SourceVersionDate "2025.03.03"]
[SourceQuality "2"]

1. e4 c5 2. Nc3 e6 3. g3 Nc6 4. Bg2 Nge7 5. d3 d5 6. f4 g6 7. Nf3 Bg7 8. O-O O-O 9. e5 a6 10. g4 b5 11. Bd2 b4 12. Ne2 Qb6 13. c3 bxc3 14. bxc3 d4 15. c4 a5 16. Ng3 a4 17. h4 Bb7 18. h5 Qc7 19. Ne4 Nb4 20. Nf6+ Bxf6 21. exf6 Nc8 22. Bxb4 cxb4 23. Ne5 Ra5 24. Qe1 Bxg2 25. Kxg2 Qd8 26. g5 Qd6 27. Qg3 Ra7 28. Qh2 a3 29. Rab1 Qc5 30. Rh1 Nd6 31. hxg6 fxg6 32. Nxg6 hxg6 33. Qh8+ Kf7 34. Qg7+ Ke8 35. Qxg6+ Raf7 36. Rbe1 Kd7 37. Rh7 Qc6+ 38. Kf2 b3 39. Re2 b2 40. Rh1 Nf5 41. Rhe1 Ne3 42. Qe4 Qxe4 43. dxe4 Kd6 44. e5+ Kc5 45. g6 Rb7 46. Rb1 Nf5 47. Kf3 Kxc4 48. Rd2 Kc3 49. Ke2 Rd7 50. Rd3+ Kc2 51. Rdd1 d3+ 52. Ke1 d2+ 53. Ke2 Rh8 54. f7 Rh2+ 55. Kf3 Rd3+ 56. Kg4 Rg3# 0-1